[Event "DEM U18 2024"]
[Site "Willingen GER"]
[Date "2024.05.19"]
[Round "1"]
[White "Morczynski, Joachim"]
[Black "Spriestersbach, Kai"]
[Result "0-1"]
[Termination "normal"]
[Board "11"]
[WhiteElo "1980"]
[BlackElo "2192"]
[WhiteClock "00:08:42"]
[BlackClock "00:20:24"]
[PlyCount "102"]
[WhiteFideId "16209745"]
[BlackFideId "16269985"]
[EventCountry "GER"]
[EventRounds "9"]
[EventType "swiss"]
[EventDate "2024.05.18"]

1. e4 {[%clk 01:30:56]} {[%emt 00:00:03]} c6 {[%clk 01:30:55]} {[%emt
00:00:06]} 2. d4 {[%clk 01:31:14]} {[%emt 00:00:13]} d5 {[%clk 01:31:20]}
{[%emt 00:00:05]} 3. e5 {[%clk 01:31:29]} {[%emt 00:00:14]} Bf5 {[%clk
01:31:45]} {[%emt 00:00:05]} 4. h4 {[%clk 01:31:45]} {[%emt 00:00:15]} h6
{[%clk 01:32:04]} {[%emt 00:00:10]} 5. g4 {[%clk 01:31:26]} {[%emt 00:00:49]}
Be4 {[%clk 01:32:24]} {[%emt 00:00:10]} 6. f3 {[%clk 01:31:11]} {[%emt
00:00:45]} Bh7 {[%clk 01:32:48]} {[%emt 00:00:05]} 7. e6 {[%clk 01:27:14]}
{[%emt 00:04:28]} Qd6 {[%clk 01:33:01]} {[%emt 00:00:17]} 8. exf7+ {[%clk
01:22:52]} {[%emt 00:04:52]} Kxf7 {[%clk 01:33:10]} {[%emt 00:00:21]} 9. Bd3
{[%clk 01:18:41]} {[%emt 00:04:42]} Nf6 {[%clk 01:21:59]} {[%emt 00:11:41]} 10.
Bxh7 {[%clk 01:15:56]} {[%emt 00:03:15]} Rxh7 {[%clk 01:22:22]} {[%emt
00:00:06]} 11. Qe2 {[%clk 01:05:10]} {[%emt 00:11:15]} Nbd7 {[%clk 01:00:13]}
{[%emt 00:22:40]} 12. f4 {[%clk 01:04:38]} {[%emt 00:01:01]} Qe6 {[%clk
00:57:47]} {[%emt 00:02:57]} 13. Qxe6+ {[%clk 00:59:26]} {[%emt 00:05:43]} Kxe6
{[%clk 00:58:15]} {[%emt 00:00:01]} 14. g5 {[%clk 00:59:33]} {[%emt 00:00:23]}
hxg5 {[%clk 00:56:09]} {[%emt 00:02:36]} 15. fxg5 {[%clk 00:59:54]} {[%emt
00:00:10]} Ne4 {[%clk 00:55:09]} {[%emt 00:01:29]} 16. Nf3 {[%clk 00:51:47]}
{[%emt 00:08:37]} g6 {[%clk 00:51:08]} {[%emt 00:04:31]} 17. O-O {[%clk
00:37:32]} {[%emt 00:14:45]} Bg7 {[%clk 00:40:10]} {[%emt 00:11:27]} 18. Be3
{[%clk 00:24:00]} {[%emt 00:14:02]} Rf8 {[%clk 00:39:14]} {[%emt 00:01:26]} 19.
Nbd2 {[%clk 00:24:13]} {[%emt 00:00:18]} Kd6 {[%clk 00:37:51]} {[%emt
00:01:52]} 20. Rad1 {[%clk 00:22:00]} {[%emt 00:02:44]} Nxd2 {[%clk 00:35:06]}
{[%emt 00:03:15]} 21. Bxd2 {[%clk 00:16:38]} {[%emt 00:05:52]} b6 {[%clk
00:27:18]} {[%emt 00:08:19]} 22. Be1 {[%clk 00:15:47]} {[%emt 00:01:21]} e6
{[%clk 00:13:23]} {[%emt 00:14:25]} 23. c4 {[%clk 00:12:18]} {[%emt 00:03:58]}
Rf5 {[%clk 00:12:30]} {[%emt 00:01:23]} 24. Bg3+ {[%clk 00:11:39]} {[%emt
00:01:09]} Ke7 {[%clk 00:12:07]} {[%emt 00:00:53]} 25. cxd5 {[%clk 00:10:09]}
{[%emt 00:02:00]} Rxd5 {[%clk 00:12:24]} {[%emt 00:00:13]} 26. Ne5 {[%clk
00:10:02]} {[%emt 00:00:37]} Bxe5 {[%clk 00:11:59]} {[%emt 00:00:55]} 27. dxe5
{[%clk 00:10:12]} {[%emt 00:00:20]} Rxd1 {[%clk 00:11:04]} {[%emt 00:01:25]}
28. Rxd1 {[%clk 00:10:36]} {[%emt 00:00:06]} Rf7 {[%clk 00:10:45]} {[%emt
00:00:48]} 29. Rf1 {[%clk 00:05:17]} {[%emt 00:05:50]} Rf5 {[%clk 00:10:48]}
{[%emt 00:00:27]} 30. Kg2 {[%clk 00:05:39]} {[%emt 00:00:08]} c5 {[%clk
00:08:06]} {[%emt 00:03:13]} 31. Rf3 {[%clk 00:06:03]} {[%emt 00:00:05]} c4
{[%clk 00:05:38]} {[%emt 00:02:58]} 32. Rxf5 {[%clk 00:02:09]} {[%emt
00:04:24]} exf5 {[%clk 00:06:03]} {[%emt 00:00:06]} 33. Kf3 {[%clk 00:02:34]}
{[%emt 00:00:04]} Nf8 {[%clk 00:05:35]} {[%emt 00:00:58]} 34. Ke3 {[%clk
00:01:01]} {[%emt 00:02:03]} Ne6 {[%clk 00:05:58]} {[%emt 00:00:06]} 35. Be1
{[%clk 00:00:56]} {[%emt 00:00:35]} Kd7 {[%clk 00:05:49]} {[%emt 00:00:40]} 36.
b3 {[%clk 00:01:07]} {[%emt 00:00:19]} b5 {[%clk 00:02:03]} {[%emt 00:04:16]}
37. Bb4 {[%clk 00:00:48]} {[%emt 00:00:49]} Kc6 {[%clk 00:01:52]} {[%emt
00:00:41]} 38. Bc3 {[%clk 00:00:46]} {[%emt 00:00:32]} Kd5 {[%clk 00:02:02]}
{[%emt 00:00:20]} 39. b4 {[%clk 00:00:41]} {[%emt 00:00:35]} a6 {[%clk
00:01:09]} {[%emt 00:01:23]} 40. a3 {[%clk 00:00:45]} {[%emt 00:00:26]} Ng7
{[%clk 00:01:15]} {[%emt 00:00:23]} 41. Kf3 {[%clk 00:16:39]} {[%emt 00:14:37]}
Ke6 {[%clk 00:31:03]} {[%emt 00:00:42]} 42. Ke3 {[%clk 00:16:42]} {[%emt
00:00:27]} Kf7 {[%clk 00:27:09]} {[%emt 00:04:24]} 43. Kd4 {[%clk 00:15:51]}
{[%emt 00:01:21]} Ke6 {[%clk 00:20:53]} {[%emt 00:06:45]} 44. Kc5 {[%clk
00:15:57]} {[%emt 00:00:25]} f4 {[%clk 00:20:48]} {[%emt 00:00:35]} 45. Be1
{[%clk 00:08:15]} {[%emt 00:08:12]} Kxe5 {[%clk 00:18:51]} {[%emt 00:02:27]}
46. Bc3 {[%clk 00:08:24]} {[%emt 00:00:20]} Kf5 {[%clk 00:19:15]} {[%emt
00:00:07]} 47. Bxg7 {[%clk 00:08:47]} {[%emt 00:00:06]} f3 {[%clk 00:19:41]}
{[%emt 00:00:04]} 48. Bd4 {[%clk 00:07:26]} {[%emt 00:01:52]} c3 {[%clk
00:20:05]} {[%emt 00:00:05]} 49. Bxc3 {[%clk 00:07:51]} {[%emt 00:00:06]} f2
{[%clk 00:20:30]} {[%emt 00:00:04]} 50. Kb6 {[%clk 00:08:17]} {[%emt 00:00:05]}
f1=Q {[%clk 00:20:55]} {[%emt 00:00:04]} 51. Kxa6 {[%clk 00:08:42]} {[%emt
00:00:06]} Qc4 {[%clk 00:20:24]} {[%emt 00:01:01]} 0-1

[Event "DEM U18 2024"]
[Site "Willingen GER"]
[Date "2024.05.19"]
[Round "1"]
[White "Abou Wally, Adrian"]
[Black "Englert, Luca"]
[Result "0-1"]
[Termination "normal"]
[Board "13"]
[WhiteElo "1917"]
[BlackElo "2168"]
[WhiteClock "00:01:18"]
[BlackClock "00:44:09"]
[PlyCount "56"]
[WhiteFideId "16245113"]
[BlackFideId "16293088"]
[EventCountry "GER"]
[EventRounds "9"]
[EventType "swiss"]
[EventDate "2024.05.18"]

1. e4 {[%clk 01:30:59]} c5 {[%clk 01:30:54]} {[%emt 00:00:07]} 2. Nc3 {[%clk
01:31:21]} {[%emt 00:00:07]} Nc6 {[%clk 01:31:18]} {[%emt 00:00:06]} 3. Bb5
{[%clk 01:31:42]} {[%emt 00:00:10]} Nd4 {[%clk 01:31:43]} {[%emt 00:00:05]} 4.
a4 {[%clk 01:32:01]} {[%emt 00:00:10]} a6 {[%clk 01:32:08]} {[%emt 00:00:05]}
5. Bc4 {[%clk 01:32:21]} {[%emt 00:00:10]} e6 {[%clk 01:32:33]} {[%emt
00:00:05]} 6. Nge2 {[%clk 01:32:23]} {[%emt 00:00:27]} Nf6 {[%clk 01:32:57]}
{[%emt 00:00:06]} 7. d3 {[%clk 01:31:37]} {[%emt 00:01:17]} d5 {[%clk
01:33:45]} {[%emt 00:00:41]} 8. exd5 exd5 9. Ba2 {[%clk 01:31:35]} {[%emt
00:00:02]} Ne6 {[%emt 00:09:22]} 10. Nf4 {[%emt 00:04:14]} Nxf4 {[%clk
01:30:42]} {[%emt 00:00:49]} 11. Bxf4 {[%emt 00:01:57]} Be6 {[%emt 00:11:25]}
12. O-O {[%emt 00:05:15]} Be7 {[%clk 01:24:48]} {[%emt 00:00:02]} 13. Qf3
{[%emt 00:09:45]} Qd7 {[%emt 00:01:29]} 14. h3 {[%clk 01:05:14]} {[%emt
00:00:59]} O-O {[%clk 01:17:54]} {[%emt 00:02:24]} 15. Rfe1 {[%clk 01:04:10]}
{[%emt 00:01:35]} b5 {[%clk 01:09:20]} {[%emt 00:09:04]} 16. Bg5 {[%clk
00:46:00]} {[%emt 00:18:40]} Rad8 {[%clk 01:05:57]} {[%emt 00:03:53]} 17. Re5
{[%clk 00:34:55]} {[%emt 00:11:35]} h6 {[%clk 01:02:37]} {[%emt 00:03:50]} 18.
Bh4 {[%clk 00:32:36]} {[%emt 00:02:50]} Ng4 {[%clk 00:56:37]} {[%emt 00:06:29]}
19. Rxe6 {[%clk 00:27:02]} {[%emt 00:06:04]} Qxe6 {[%clk 00:55:27]} {[%emt
00:01:40]} 20. Bxe7 {[%clk 00:25:33]} {[%emt 00:02:00]} Ne5 {[%clk 00:55:27]}
{[%emt 00:00:28]} 21. Qg3 {[%clk 00:21:49]} {[%emt 00:04:14]} Qxe7 {[%clk
00:55:52]} {[%emt 00:00:07]} 22. f4 {[%clk 00:15:40]} {[%emt 00:06:39]} Ng6
{[%clk 00:46:52]} {[%emt 00:09:29]} 23. f5 {[%clk 00:08:36]} {[%emt 00:07:34]}
Qh4 {[%clk 00:46:18]} {[%emt 00:01:04]} 24. Qc7 {[%clk 00:03:24]} {[%emt
00:05:42]} Qd4+ {[%clk 00:43:53]} {[%emt 00:02:54]} 25. Kh1 {[%clk 00:03:48]}
{[%emt 00:00:07]} Nf4 {[%clk 00:43:38]} {[%emt 00:00:44]} 26. Rf1 {[%clk
00:03:35]} {[%emt 00:00:44]} Nh5 {[%clk 00:43:46]} {[%emt 00:00:22]} 27. Rf3
{[%clk 00:02:02]} {[%emt 00:02:04]} Rfe8 {[%clk 00:43:50]} {[%emt 00:00:25]}
28. g4 {[%clk 00:01:18]} {[%emt 00:01:14]} Re1+ {[%clk 00:44:09]} {[%emt
00:00:10]} 0-1

[Event "DEM U18 2024"]
[Site "Willingen GER"]
[Date "2024.05.19"]
[Round "1"]
[White "Bui, Bao Anh Le"]
[Black "Passin, Connor"]
[Result "1-0"]
[Termination "normal"]
[Board "14"]
[WhiteElo "2150"]
[BlackElo "1882"]
[WhiteClock "00:18:11"]
[BlackClock "00:13:47"]
[PlyCount "111"]
[WhiteFideId "12970719"]
[BlackFideId "16259459"]
[EventCountry "GER"]
[EventRounds "9"]
[EventType "swiss"]
[EventDate "2024.05.18"]

1. e4 {[%clk 01:30:14]} {[%emt 00:00:45]} e5 {[%clk 01:30:49]} {[%emt
00:00:12]} 2. Nf3 {[%clk 01:30:26]} {[%emt 00:00:17]} Nc6 {[%clk 01:30:53]}
{[%emt 00:00:26]} 3. Bc4 {[%clk 01:30:35]} {[%emt 00:00:22]} Bc5 {[%clk
01:31:02]} {[%emt 00:00:21]} 4. O-O {[%clk 01:28:41]} {[%emt 00:02:23]} Nf6
{[%clk 01:30:48]} {[%emt 00:00:45]} 5. d3 {[%clk 01:28:56]} {[%emt 00:00:15]}
d6 {[%clk 01:28:40]} {[%emt 00:02:38]} 6. a4 {[%clk 01:28:52]} {[%emt
00:00:34]} a6 {[%clk 01:27:58]} {[%emt 00:01:11]} 7. h3 {[%clk 01:18:56]}
{[%emt 00:10:26]} Ba7 {[%clk 01:16:16]} {[%emt 00:12:12]} 8. Nc3 {[%clk
01:16:30]} {[%emt 00:02:56]} Be6 {[%clk 01:10:26]} {[%emt 00:06:21]} 9. Re1
{[%clk 01:10:18]} {[%emt 00:06:41]} Qd7 {[%clk 00:55:30]} {[%emt 00:15:26]} 10.
Be3 {[%clk 00:51:53]} {[%emt 00:18:54]} Bxe3 {[%clk 00:41:43]} {[%emt
00:14:18]} 11. Rxe3 {[%clk 00:50:43]} {[%emt 00:01:40]} O-O-O {[%clk 00:34:25]}
{[%emt 00:07:48]} 12. Qb1 {[%clk 00:36:11]} {[%emt 00:15:02]} Nd4 {[%clk
00:26:36]} {[%emt 00:08:19]} 13. b4 {[%clk 00:31:38]} {[%emt 00:05:04]} Nh5
{[%clk 00:23:36]} {[%emt 00:03:30]} 14. Nd5 {[%clk 00:25:24]} {[%emt 00:06:44]}
Bxd5 {[%clk 00:20:23]} {[%emt 00:03:43]} 15. Bxd5 {[%clk 00:24:58]} {[%emt
00:00:56]} c6 {[%clk 00:17:35]} {[%emt 00:03:18]} 16. Ba2 {[%clk 00:22:17]}
{[%emt 00:03:11]} Nf4 {[%clk 00:15:49]} {[%emt 00:02:15]} 17. Nxd4 {[%clk
00:21:36]} {[%emt 00:01:11]} exd4 {[%clk 00:16:12]} {[%emt 00:00:08]} 18. Rf3
{[%clk 00:21:33]} {[%emt 00:00:32]} g5 {[%clk 00:15:41]} {[%emt 00:01:02]} 19.
b5 {[%clk 00:19:02]} {[%emt 00:03:01]} Kc7 {[%clk 00:13:27]} {[%emt 00:02:44]}
20. Qb3 {[%clk 00:15:31]} {[%emt 00:04:00]} Rhf8 {[%clk 00:12:39]} {[%emt
00:01:18]} 21. bxa6 {[%clk 00:13:53]} {[%emt 00:02:08]} b6 {[%clk 00:10:20]}
{[%emt 00:02:49]} 22. Rb1 {[%clk 00:12:27]} {[%emt 00:01:56]} Rb8 {[%clk
00:10:30]} {[%emt 00:00:19]} 23. Qc4 {[%clk 00:12:37]} {[%emt 00:00:21]} f5
{[%clk 00:08:20]} {[%emt 00:02:40]} 24. Re1 {[%clk 00:06:38]} {[%emt 00:06:29]}
fxe4 {[%clk 00:07:47]} {[%emt 00:01:03]} 25. dxe4 {[%clk 00:06:46]} {[%emt
00:00:22]} Qg7 {[%clk 00:06:42]} {[%emt 00:01:36]} 26. c3 {[%clk 00:03:26]}
{[%emt 00:03:49]} d3 {[%clk 00:05:46]} {[%emt 00:01:26]} 27. Bb1 {[%clk
00:02:49]} {[%emt 00:01:07]} g4 {[%clk 00:04:08]} {[%emt 00:02:08]} 28. Rg3
{[%clk 00:02:21]} {[%emt 00:00:58]} Ne2+ {[%clk 00:03:22]} {[%emt 00:01:17]}
29. Rxe2 {[%clk 00:02:46]} {[%emt 00:00:04]} dxe2 {[%clk 00:03:48]} {[%emt
00:00:05]} 30. Qxe2 {[%clk 00:03:11]} {[%emt 00:00:04]} h5 {[%clk 00:03:26]}
{[%emt 00:00:52]} 31. hxg4 {[%clk 00:03:37]} {[%emt 00:00:04]} h4 {[%clk
00:03:36]} {[%emt 00:00:21]} 32. Re3 {[%clk 00:01:51]} {[%emt 00:02:15]} Qe5
{[%clk 00:03:38]} {[%emt 00:00:28]} 33. Qc4 {[%clk 00:01:41]} {[%emt 00:00:40]}
Rf4 {[%clk 00:02:49]} {[%emt 00:01:19]} 34. Bd3 {[%clk 00:00:52]} {[%emt
00:01:19]} Qf6 {[%clk 00:02:32]} {[%emt 00:00:47]} 35. f3 {[%clk 00:00:43]}
{[%emt 00:00:39]} h3 {[%clk 00:02:37]} {[%emt 00:00:26]} 36. Bf1 {[%clk
00:00:39]} {[%emt 00:00:34]} d5 {[%clk 00:00:55]} {[%emt 00:02:11]} 37. Qd3
{[%clk 00:00:40]} {[%emt 00:00:28]} Qe5 {[%clk 00:00:35]} {[%emt 00:00:51]} 38.
exd5 {[%clk 00:00:51]} {[%emt 00:00:19]} h2+ {[%clk 00:00:45]} {[%emt
00:00:19]} 39. Kh1 {[%clk 00:01:11]} {[%emt 00:00:11]} Qxd5 {[%clk 00:00:51]}
{[%emt 00:00:25]} 40. Qh7+ {[%clk 00:01:19]} {[%emt 00:00:21]} Rf7 {[%clk
00:00:47]} {[%emt 00:00:34]} 41. Re7+ {[%clk 00:26:37]} {[%emt 00:05:12]} Rxe7
{[%clk 00:30:58]} {[%emt 00:00:18]} 42. Qxe7+ {[%clk 00:27:01]} {[%emt
00:00:06]} Qd7 {[%clk 00:30:47]} {[%emt 00:00:41]} 43. Qxd7+ {[%clk 00:25:22]}
{[%emt 00:02:10]} Kxd7 {[%clk 00:29:11]} {[%emt 00:02:07]} 44. Kxh2 {[%clk
00:25:23]} {[%emt 00:00:28]} Kd6 {[%clk 00:24:58]} {[%emt 00:04:43]} 45. f4
{[%clk 00:24:23]} {[%emt 00:01:29]} Kd5 {[%clk 00:21:54]} {[%emt 00:03:34]} 46.
Be2 {[%clk 00:24:27]} {[%emt 00:00:27]} Re8 {[%clk 00:18:35]} {[%emt 00:03:49]}
47. Bf3+ {[%clk 00:24:22]} {[%emt 00:00:34]} Kc5 {[%clk 00:17:49]} {[%emt
00:01:16]} 48. g5 {[%clk 00:24:39]} {[%emt 00:00:14]} Ra8 {[%clk 00:16:50]}
{[%emt 00:01:29]} 49. Kg3 {[%clk 00:18:38]} {[%emt 00:06:31]} Rxa6 {[%clk
00:16:28]} {[%emt 00:00:53]} 50. Bd1 {[%clk 00:18:37]} {[%emt 00:00:29]} Kd5
{[%clk 00:14:03]} {[%emt 00:02:56]} 51. Kg4 {[%clk 00:18:39]} {[%emt 00:00:28]}
Ke6 {[%clk 00:13:32]} {[%emt 00:01:00]} 52. Bb3+ {[%clk 00:18:57]} {[%emt
00:00:12]} Ke7 {[%clk 00:13:50]} {[%emt 00:00:12]} 53. f5 {[%clk 00:19:21]}
{[%emt 00:00:07]} b5 {[%clk 00:12:56]} {[%emt 00:01:24]} 54. f6+ {[%clk
00:19:02]} {[%emt 00:00:49]} Kf8 {[%clk 00:13:21]} {[%emt 00:00:04]} 55. g6
{[%clk 00:17:46]} {[%emt 00:01:46]} Rxa4+ {[%clk 00:13:47]} {[%emt 00:00:05]}
56. Kg5 {[%clk 00:18:11]} {[%emt 00:00:03]} 1-0

[Event "DEM U18 2024"]
[Site "Willingen GER"]
[Date "2024.05.19"]
[Round "1"]
[White "Scharf, Christian"]
[Black "Hecht, Jonas Christian"]
[Result "1/2-1/2"]
[Termination "normal"]
[Board "15"]
[WhiteElo "1819"]
[BlackElo "2101"]
[WhiteClock "00:02:57"]
[BlackClock "00:11:50"]
[PlyCount "130"]
[WhiteFideId "16266110"]
[BlackFideId "16214846"]
[EventCountry "GER"]
[EventRounds "9"]
[EventType "swiss"]
[EventDate "2024.05.18"]

1. e4 {[%clk 01:30:56]} {[%emt 00:00:04]} e6 {[%clk 01:30:58]} {[%emt
00:00:03]} 2. d4 {[%clk 01:31:01]} {[%emt 00:00:24]} d5 {[%clk 01:31:25]}
{[%emt 00:00:04]} 3. exd5 {[%clk 01:29:18]} {[%emt 00:02:13]} exd5 {[%clk
01:31:50]} {[%emt 00:00:05]} 4. Nf3 {[%clk 01:29:28]} {[%emt 00:00:20]} Bd6
{[%clk 01:29:57]} {[%emt 00:02:23]} 5. Bd3 {[%clk 01:29:06]} {[%emt 00:00:51]}
Ne7 {[%clk 01:21:01]} {[%emt 00:09:27]} 6. O-O {[%clk 01:27:08]} {[%emt
00:02:28]} O-O {[%clk 01:20:54]} {[%emt 00:00:37]} 7. Re1 {[%clk 01:18:48]}
{[%emt 00:08:48]} Bf5 {[%clk 01:10:27]} {[%emt 00:10:58]} 8. Nc3 {[%clk
01:10:06]} {[%emt 00:09:12]} Bxd3 {[%clk 01:07:38]} {[%emt 00:03:20]} 9. Qxd3
{[%clk 01:10:30]} {[%emt 00:00:04]} c6 {[%clk 01:07:42]} {[%emt 00:00:28]} 10.
Ne2 {[%clk 01:07:28]} {[%emt 00:03:31]} Ng6 {[%clk 00:57:09]} {[%emt 00:11:04]}
11. Be3 {[%clk 01:03:09]} {[%emt 00:04:49]} Nd7 {[%clk 00:53:38]} {[%emt
00:04:01]} 12. b3 {[%clk 00:50:53]} {[%emt 00:12:44]} Nf6 {[%clk 00:46:53]}
{[%emt 00:07:17]} 13. Ng3 {[%clk 00:48:51]} {[%emt 00:02:31]} Qd7 {[%clk
00:43:20]} {[%emt 00:04:04]} 14. Bg5 {[%clk 00:39:25]} {[%emt 00:09:56]} Bxg3
{[%clk 00:41:17]} {[%emt 00:02:31]} 15. hxg3 {[%clk 00:35:41]} {[%emt
00:04:15]} Ne4 {[%clk 00:40:32]} {[%emt 00:01:16]} 16. Bc1 {[%clk 00:33:01]}
{[%emt 00:03:10]} f5 {[%clk 00:37:13]} {[%emt 00:03:49]} 17. Ng5 {[%clk
00:29:29]} {[%emt 00:04:01]} Rae8 {[%clk 00:30:17]} {[%emt 00:07:27]} 18. Nxe4
{[%clk 00:28:34]} {[%emt 00:01:25]} fxe4 {[%clk 00:30:34]} {[%emt 00:00:13]}
19. Qe2 {[%clk 00:26:56]} {[%emt 00:02:08]} Rf7 {[%clk 00:26:34]} {[%emt
00:04:30]} 20. Ba3 {[%clk 00:26:22]} {[%emt 00:01:03]} Qf5 {[%clk 00:22:53]}
{[%emt 00:04:12]} 21. c4 {[%clk 00:23:54]} {[%emt 00:02:58]} Qg5 {[%clk
00:16:39]} {[%emt 00:06:43]} 22. Qe3 {[%clk 00:22:46]} {[%emt 00:01:39]} Qh5
{[%clk 00:13:53]} {[%emt 00:03:16]} 23. Qe2 {[%clk 00:22:43]} {[%emt 00:00:32]}
Qg5 {[%clk 00:13:56]} {[%emt 00:00:28]} 24. Qe3 {[%clk 00:22:52]} {[%emt
00:00:21]} Qg4 {[%clk 00:14:13]} {[%emt 00:00:13]} 25. Qe2 {[%clk 00:22:54]}
{[%emt 00:00:28]} Qd7 {[%clk 00:14:19]} {[%emt 00:00:24]} 26. Rad1 {[%clk
00:21:18]} {[%emt 00:02:04]} Rf6 {[%clk 00:13:04]} {[%emt 00:01:48]} 27. cxd5
{[%clk 00:20:03]} {[%emt 00:01:44]} cxd5 {[%clk 00:12:51]} {[%emt 00:00:43]}
28. Rc1 {[%clk 00:19:46]} {[%emt 00:00:46]} Nf8 {[%clk 00:09:08]} {[%emt
00:04:13]} 29. Rc2 {[%clk 00:17:45]} {[%emt 00:02:31]} Ne6 {[%clk 00:09:13]}
{[%emt 00:00:25]} 30. Bb2 {[%clk 00:17:16]} {[%emt 00:00:59]} Ref8 {[%clk
00:08:01]} {[%emt 00:01:43]} 31. Qd1 {[%clk 00:16:57]} {[%emt 00:00:48]} Ng5
{[%clk 00:06:16]} {[%emt 00:02:16]} 32. Bc1 {[%clk 00:09:39]} {[%emt 00:07:48]}
Ne6 {[%clk 00:05:40]} {[%emt 00:01:06]} 33. Be3 {[%clk 00:09:36]} {[%emt
00:00:31]} Rf5 {[%clk 00:02:59]} {[%emt 00:03:12]} 34. Qe2 {[%clk 00:08:39]}
{[%emt 00:01:26]} Re8 {[%clk 00:02:02]} {[%emt 00:01:29]} 35. Rec1 {[%clk
00:08:50]} {[%emt 00:00:18]} Rff8 {[%clk 00:02:19]} {[%emt 00:00:14]} 36. Rc3
{[%clk 00:08:15]} {[%emt 00:01:05]} Rc8 {[%clk 00:02:12]} {[%emt 00:00:37]} 37.
Qc2 {[%clk 00:07:34]} {[%emt 00:01:10]} Rxc3 {[%clk 00:01:56]} {[%emt
00:00:46]} 38. Qxc3 {[%clk 00:08:00]} {[%emt 00:00:04]} h6 {[%clk 00:02:10]}
{[%emt 00:00:16]} 39. Qa5 {[%clk 00:06:22]} {[%emt 00:02:08]} a6 {[%clk
00:01:46]} {[%emt 00:00:55]} 40. Qd2 {[%clk 00:05:26]} {[%emt 00:01:25]} Rc8
{[%clk 00:01:10]} {[%emt 00:01:06]} 41. Rc3 {[%clk 00:29:37]} {[%emt 00:06:19]}
Rxc3 {[%clk 00:31:32]} {[%emt 00:00:09]} 42. Qxc3 {[%clk 00:29:57]} {[%emt
00:00:09]} Kh7 {[%clk 00:30:39]} {[%emt 00:01:24]} 43. Qc2 {[%clk 00:28:43]}
{[%emt 00:01:43]} Qc6 {[%clk 00:30:28]} {[%emt 00:00:42]} 44. Qxc6 {[%clk
00:28:34]} {[%emt 00:00:39]} bxc6 {[%clk 00:30:54]} {[%emt 00:00:04]} 45. Kf1
{[%clk 00:25:47]} {[%emt 00:03:16]} Kg6 {[%clk 00:27:23]} {[%emt 00:04:01]} 46.
Ke2 {[%clk 00:25:25]} {[%emt 00:00:52]} c5 {[%clk 00:18:51]} {[%emt 00:09:03]}
47. dxc5 {[%clk 00:24:09]} {[%emt 00:01:45]} d4 {[%clk 00:19:13]} {[%emt
00:00:09]} 48. Bc1 {[%clk 00:14:00]} {[%emt 00:10:38]} Nxc5 {[%clk 00:19:33]}
{[%emt 00:00:11]} 49. Bb2 {[%clk 00:13:54]} {[%emt 00:00:34]} Ne6 {[%clk
00:19:07]} {[%emt 00:00:57]} 50. b4 {[%clk 00:12:45]} {[%emt 00:01:39]} h5
{[%clk 00:18:58]} {[%emt 00:00:40]} 51. a4 {[%clk 00:12:24]} {[%emt 00:00:50]}
Kf6 {[%clk 00:17:29]} {[%emt 00:01:59]} 52. f3 {[%clk 00:08:51]} {[%emt
00:04:04]} e3 {[%clk 00:17:39]} {[%emt 00:00:20]} 53. Kd3 {[%clk 00:08:19]}
{[%emt 00:01:02]} g6 {[%clk 00:17:09]} {[%emt 00:01:00]} 54. b5 {[%clk
00:06:11]} {[%emt 00:02:37]} axb5 {[%clk 00:16:50]} {[%emt 00:00:50]} 55. axb5
{[%clk 00:05:38]} {[%emt 00:01:03]} Ke5 {[%clk 00:12:46]} {[%emt 00:04:33]} 56.
b6 {[%clk 00:04:18]} {[%emt 00:01:50]} Kd6 {[%clk 00:11:01]} {[%emt 00:02:15]}
57. b7 {[%clk 00:03:54]} {[%emt 00:00:55]} Kc7 {[%clk 00:11:14]} {[%emt
00:00:16]} 58. Bxd4 {[%clk 00:03:15]} {[%emt 00:01:09]} Nxd4 {[%clk 00:11:39]}
{[%emt 00:00:05]} 59. Kxe3 {[%clk 00:03:40]} {[%emt 00:00:05]} Nf5+ {[%clk
00:09:30]} {[%emt 00:02:39]} 60. Kf4 {[%clk 00:03:33]} {[%emt 00:00:37]} Kxb7
{[%clk 00:09:53]} {[%emt 00:00:07]} 61. Kg5 {[%clk 00:03:32]} {[%emt 00:00:31]}
Nxg3 {[%clk 00:10:15]} {[%emt 00:00:08]} 62. Kxg6 {[%clk 00:03:54]} {[%emt
00:00:09]} Kc7 {[%clk 00:10:41]} {[%emt 00:00:04]} 63. Kg5 {[%clk 00:03:01]}
{[%emt 00:01:22]} Kd6 {[%clk 00:11:04]} {[%emt 00:00:07]} 64. Kh4 {[%clk
00:03:11]} {[%emt 00:00:20]} Ne2 {[%clk 00:11:25]} {[%emt 00:00:10]} 65. g4
{[%clk 00:02:57]} {[%emt 00:00:44]} hxg4 {[%clk 00:11:50]} {[%emt 00:00:05]}
1/2-1/2